000 00299nam a2200133Ia 4500
005 20260328104326.0
008 260328s9999||||xx |||||||||||||| ||und||
100 _aUlmer, Renate
245 0 _aAlfons Mucha /
_cRenate Ulmer
260 _bTaschen
300 _a95 p.
650 _aARTE
942 _cBK
999 _c11547
_d11547